Central Library OPAC University of Rajshahi

Isolation of plant growth substances / (Record no. 68768)

MARC details
000 -LEADER
fixed length control field 00889nam a2200265 a 4500
001 - CONTROL NUMBER
control field 68768
003 - CONTROL NUMBER IDENTIFIER
rucl marc code BD-RjUL
005 - DATE AND TIME OF LATEST TRANSACTION
control field 20211209081816.0
008 - FIXED-LENGTH DATA ELEMENTS--GENERAL INFORMATION
fixed length control field 170405s1978 enka b 001 0 eng d
020 ## - INTERNATIONAL STANDARD BOOK NUMBER
International Standard Book Number 0521218667.
International Standard Book Number 0521292972 pbk.
035 ## - SYSTEM CONTROL NUMBER
System control number (BD-RjUL)68979
040 ## - CATALOGING SOURCE
Original cataloging agency DLC
Transcribing agency DLC
Modifying agency DLC
-- BD-RjUL
Language of cataloging eng
041 ## - LANGUAGE CODE
Language code of text/sound track or separate title eng
082 00 - DEWEY DECIMAL CLASSIFICATION NUMBER
Edition number 22
Classification number 581.3
Author mark and year ISO 1978
245 00 - TITLE STATEMENT
Title Isolation of plant growth substances /
Statement of responsibility, etc. edited by J. R. Hillman.
260 ## - PUBLICATION, DISTRIBUTION, ETC. (IMPRINT)
Place of publication, distribution, etc. Cambridge ;
-- New York :
Name of publisher, distributor, etc. Cambridge University Press,
Date of publication, distribution, etc. 1978.
300 ## - PHYSICAL DESCRIPTION
Pagination 157 p. :
Illustrations ill. ;
Size 24 cm.
490 1# - SERIES STATEMENT
Series statement Seminar series - Society for Experimental Biology ;
Volume/sequential designation 4
504 ## - BIBLIOGRAPHY, ETC. NOTE
Bibliography, etc Includes bibliographies and index.
650 #0 - SUBJECT ADDED ENTRY--TOPICAL TERM
Topical term or geographic name as entry element Plant regulators
9 (RLIN) 203796
700 1# - ADDED ENTRY--PERSONAL NAME
Personal name Hillman, John R.
830 #0 - SERIES ADDED ENTRY--UNIFORM TITLE
Uniform title Seminar series (Society for Experimental Biology (Great Britain)) ;
Volume number/sequential designation 4.
942 ## - ADDED ENTRY ELEMENTS (KOHA)
Source of classification or shelving scheme Dewey Decimal Classification
Koha item type Books
Holdings
Lost status Source of classification or shelving scheme Damaged status Not for loan Collection code Permanent Location Current Location Shelving location Date acquired Total Checkouts Full call number Date last seen Copy number Koha item type
  Dewey Decimal Classification   Not For Loan Non-fiction Central Library, University of Rajshahi Central Library, University of Rajshahi Reading Room 05/07/1988   581.3 ISO 1978 05/04/2017 C-1 Books